000 00642nam a2200193 a 4500
008 831229s1984 enka b 001 0 eng
020 _a0124383505
050 0 0 _aRM189
_b.S34 1984
082 0 0 _a363.1/9464
245 0 0 _aSafety testing of new drugs :
_blaboratory predictions and clinical performance /
_cedited by D.R. Laurence, A.E.M. McLean, M. Weatherall.
260 _aLondon ;
_aOrlando :
_bAcademic Press,
_c1984.
300 _aviii, 174 p. :
_bill. ;
650 0 _aDrugs
_xTesting
_xSafety measures.
650 0 _aClinical trials.
700 1 _aLaurence, D. R.
700 1 _aMcLean, A. E. M.
700 1 _aWeatherall, M.
942 _cBK
999 _c3707
_d3707